000 00421nam a2200145Ia 4500
008 100122s9999 xx 000 0 und d
082 _b7498
_a823.08
100 _aखांडेकर वि स
245 _aविद्युत प्रकाश
260 _c1937
300 _a162
630 _aविद्युत प्रकाश
730 _aविद्युत प्रकाश
942 _cBOOK
999 _c400179
_d400176